&TEAM / andteam discography - Statistics

General Stats
  • This quiz has been taken 56 times
  • The average score is 30 of 39
Answer Stats
Hint Answer % Correct
Back to life
100%
Go in blind (月狼)
100%
Deer hunter
95%
Lunatic
95%
War cry
95%
雪明かり (Yukiakari)
95%
十五夜 (Jyuugoya)
90%
Rush
90%
五月雨 (Samidare)
90%
青嵐 (Aoarashi)
86%
Big好き (Suki)
86%
Firework
86%
Heartbreak time machine
86%
Magic hour
86%
Run wild
86%
Who am I
86%
W.O.L.F. (Win or lose fight)
86%
Illumination
81%
MISMATCH
81%
road not taken
81%
Scent of you
81%
. Under the skin
81%
Wonderful world
81%
Dropkick
76%
Scar to scar
76%
バズ恋 (BUZZ LOVE)
71%
規格外 (ALIEN)
67%
君にカエル (Maybe)
67%
Blind love
62%
MEME
62%
オオカミ系男子 (Wolf type)
62%
Feel the pulse
57%
向日葵 (Imprinted)
57%
Beat the odds
52%
三日月の願い (crescent moon’s wish)
52%
Extraordinary day
52%
声変わり (Koegawari)
48%
チンチャおかしい (really crazy)
38%
月が綺麗ですね (The moon is beautiful)
33%
No matching quizzes found
Score Distribution
Percent of People with Each Score
Percentile by Number Answered
Your Score History
You have not taken this quiz